La peinture hollandaise et la foi catholique au XVIIe siècle

Gespeichert in:
Bibliographische Detailangaben
VerfasserIn: Marquaille, Léonie (VerfasserIn)
Dokumenttyp: Hochschulschrift Buch
Sprache:French
Veröffentlicht: Rennes : Presses universitaires de Rennes , 2019
Schriftenreihe:Collection "Art & Société"
Schlagwörter:
Online Zugang:Klappentext
Inhaltsverzeichnis
Bibliogr. Hinweis:Rezensiert in: [Rezension von: Léonie Marquaille, La peinture hollandaise et la foi catholique au XVIIe siècle]
Verantwortlich:Léonie Marquaille
LEADER 02852cam a2200613 c 4500
001 1670067645
003 DE-627
005 20251225215057.0
007 tu
008 190725s2019 fr ||||| m 00| ||fre c
020 |a 9782753577008  |q  (Broschur)  |9 978-2-7535-7700-8 
020 |a 2753577005  |q  (Broschur)  |9 2-7535-7700-5 
035 |a (DE-627)1670067645 
035 |a (DE-599)BVBBV045953379 
035 |a (OCoLC)1107327984 
035 |a (DE-604)BV045953379 
035 |a (ZDB-21-EIL)4485298 
040 |a DE-627  |b ger  |c DE-627  |e rda 
041 |a fre 
044 |c XA-FR 
050 0 |a ND 
082 0 |a 755 
084 |a KUNST  |q DE-16  |2 fid 
084 |a 21.02  |2 bkl 
084 |a 20.70  |2 bkl 
100 1 |a Marquaille, Léonie  |e VerfasserIn  |0 (DE-588)1189265281  |0 (DE-627)1668006626  |4 aut 
245 1 3 |a La peinture hollandaise et la foi catholique au XVIIe siècle  |c Léonie Marquaille 
264 1 |a Rennes  |b Presses universitaires de Rennes  |c 2019 
300 |a 278 Seiten, XXIV Seiten Tafeln  |b Illustrationen  |c 25 cm 
336 |a Text  |b txt  |2 rdacontent 
337 |a ohne Hilfsmittel zu benutzen  |b n  |2 rdamedia 
338 |a Band  |b nc  |2 rdacarrier 
490 0 |a Collection "Art & Société" 
500 |a Überarbeitete Fassung der Dissertation 
502 |b Dissertation  |c Université de Paris Nanterre ; Université de Genève  |d 2015  |g Überarbeitete Fassung 
583 1 |a Archivierung/Langzeitarchivierung gewährleistet  |f FID  |x XA-DE-BW  |2 pdager  |5 DE-16 
655 7 |a Hochschulschrift  |0 (DE-588)4113937-9  |0 (DE-627)105825778  |0 (DE-576)209480580  |2 gnd-content 
689 0 0 |d g  |0 (DE-588)4042203-3  |0 (DE-627)104400765  |0 (DE-576)209049030  |a Niederlande  |2 gnd 
689 0 1 |d s  |0 (DE-588)4030027-4  |0 (DE-627)106272047  |0 (DE-576)20898528X  |a Katholizismus  |2 gnd 
689 0 2 |d s  |0 (DE-588)4037220-0  |0 (DE-627)10623871X  |0 (DE-576)209022892  |a Malerei  |2 gnd 
689 0 3 |a z  |2 gnd  |a Geschichte 1600-1700 
689 0 |5 (DE-627) 
787 0 8 |i Rezensiert in  |a Michalski, Sergiusz, 1951 -   |t [Rezension von: Léonie Marquaille, La peinture hollandaise et la foi catholique au XVIIe siècle]  |d 2024  |w (DE-627)1931326487 
856 4 2 |u http://bvbr.bib-bvb.de:8991/F?func=service&doc_library=BVB01&local_base=BVB01&doc_number=031335420&sequence=000001&line_number=0001&func_code=DB_RECORDS&service_type=MEDIA  |m B:AAL Fremddatenuebernahme  |q application/pdf  |x Verlag  |3 Klappentext  |7 1 
856 4 2 |u https://swbplus.bsz-bw.de/bsz1670067645inh.htm  |m V:DE-576;B:DE-16  |q application/pdf  |v 20190827153427  |3 Inhaltsverzeichnis  |7 1 
936 b k |a 21.02  |j Geschichte der Malerei  |q DA3  |0 (DE-627)106406698 
936 b k |a 20.70  |j Europäische Kunst: Allgemeines  |q DA3  |0 (DE-627)106406566 
951 |a BO 
990 |a Niederlande 
990 |a Katholizismus 
990 |a Malerei 
990 |a Geschichte 1600-1700 
991 |a Rezensiertes Werk 
999 |a KXP-PPN1670067645  |e 4967470971